000 00233nam a22000857a 4500
008 170626b xxu||||| |||| 00| 0 eng d
100 _93703
_aDhawan. P
245 _aChemistry Question Bank- XII
260 _aNew Delhi
_bTata publication
_c2009
999 _c7124
_d7124